Dune Characters - Statistics

General Stats
  • This quiz has been taken 292 times
  • The average score is 11 of 16
Answer Stats
Picture Answer % Correct
Paul Atreides
99%
Duke Leto Atreides
90%
Duncan Idaho
83%
Lady Jessica Atreides
81%
Baron Harkonnen
78%
Chani
77%
Emperor Shaddam
69%
Stilgar
69%
Gurney Halleck
66%
Feyd-Rautha Harkonnen
59%
Rabban Harkonnen
57%
Princess Irulan
53%
Thufir Hawat
49%
Liet-Kynes
44%
Dr. Yueh
42%
Jamis
35%
No matching quizzes found
Score Distribution
Percent of People with Each Score
Percentile by Number Answered
Your Score History
You have not taken this quiz